|
|
|
|
| LEADER |
00921nam a2200241 a 4500 |
| 001 |
12231502 |
| 008 |
090617s2002 ohua b 001 0 eng d |
| 010 |
|
|
|a 00066185
|
| 020 |
|
|
|a 0324070993
|
| 040 |
|
|
|a DLC
|c DLC
|d DLC
|
| 082 |
0 |
0 |
|a 658.4/012
|2 21
|
| 100 |
1 |
|
|a Harrison, Jeffrey S.
|
| 245 |
1 |
0 |
|a Foundations in strategic management /
|c Jeffrey S. Harrison, Caron H. St. John.
|
| 250 |
|
|
|a 2nd ed.
|
| 260 |
|
|
|a Cincinnati, Ohio :
|b South-Western,
|c c2002.
|
| 300 |
|
|
|a xiii, 168 p. :
|b ill. ;
|c 26 cm.
|
| 504 |
|
|
|a Includes bibliographical references and index.
|
| 541 |
1 |
|
|e 00014842
|
| 650 |
|
0 |
|a Strategic planning.
|
| 700 |
2 |
|
|a St. John, Caron H.
|
| 852 |
4 |
|
|a Ayesha Abed Library
|j General Shelf.
|
| 999 |
|
|
|c 1722
|d 1722
|
| 952 |
|
|
|0 0
|1 4
|2 ddc
|4 0
|6 658_401200000000000_HAR
|7 0
|9 1578
|a BRACUL
|b BRACUL
|c GEN
|d 2009-06-28
|g 0.00
|l 0
|o 658.4012 HAR
|p 3010014842
|r 2009-06-28
|t 1
|w 2009-06-28
|y BK
|x No price found in the accession register.
|